Take the Long Way Home (Maze) Quiz Stats

 Plays Quiz Updated Dec 10, 2020

     
Support Sporcle.
Go Orange.
Score 0/65 Timer 09:00
0 Plays Today
% Correct
???
83.2%
???
76.9%
???
69.9%
???
69.1%
???
56.1%
???
51.8%
???
50.9%
???
49%
???
47.1%
???
41.5%
???
39.1%
???
38.7%
???
38%
???
37.2%
???
37%
???
34.2%
???
33.4%
???
32.9%
???
31.7%
???
31.7%
???
20.4%
???
18.5%
???
17.7%
???
17.3%
???
16.6%
???
15.4%
???
15.1%
???
14.2%
???
13.6%
???
13.3%
???
13.3%
???
13.3%
???
13.2%
% Correct
???
13.1%
???
13%
???
13%
???
12.9%
???
12.9%
???
12.8%
???
12.7%
???
12.7%
???
12.6%
???
12.6%
???
12.6%
???
12.5%
???
12.4%
???
12.4%
???
12.3%
???
12.3%
???
12.2%
???
12.1%
???
12.1%
???
12%
???
12%
???
11.9%
???
11.6%
???
11.6%
???
11.3%
???
11.1%
???
10.9%
???
10.9%
???
10.6%
???
10.5%
???
10.5%
???
10.1%

From the Vault

Moms in the Wild II

by LisaSimpsonOH

Holiday 10m
Don't forget to thank your mother today for taking care of you when you were in the nest.
Remove Ads.
Support Sporcle.
Get the best of Sporcle when you Go Orange. This ad-free experience offers more features, more stats, and more fun while also helping to support Sporcle. Thank you for becoming a member.

Show Comments

Extras

Top Quizzes Today


Score Distribution

Your Account Isn't Verified!

In order to create a playlist on Sporcle, you need to verify the email address you used during registration. Go to your Sporcle Settings to finish the process.

Report this User

Report this user for behavior that violates our Community Guidelines.

Details: